Taller 0 ; (Record no. 46192)
[ view plain ]
| 000 -CABECERA | |
|---|---|
| campo de control de longitud fija | 01175nam a2200241 a 4500 |
| 001 - NÚMERO DE CONTROL | |
| campo de control | 000046703 |
| 005 - FECHA Y HORA DE LA ÚLTIMA TRANSACCIÓN | |
| campo de control | 20201002053046.0 |
| 008 - DATOS DE LONGITUD FIJA--INFORMACIÓN GENERAL | |
| campo de control de longitud fija | 180319s2015 dr a 000 0 spa d |
| 020 ## - NÚMERO INTERNACIONAL ESTÁNDAR DEL LIBRO | |
| Número Internacional Estándar del Libro | 9789945898071 |
| 040 ## - FUENTE DE LA CATALOGACIÓN | |
| Centro catalogador/agencia de origen | DO-SdBNP |
| Lengua de catalogación | spa |
| Centro/agencia transcriptor | BNPHU |
| 082 ## - NÚMERO DE LA CLASIFICACIÓN DECIMAL DEWEY | |
| Número de clasificación | xxx |
| Número de documento/Ítem | I37g, 6to. |
| 100 1# - ENTRADA PRINCIPAL--NOMBRE DE PERSONA | |
| Nombre de persona | Inchaustegui, Maria Isabel |
| 9 (RLIN) | 29568 |
| 245 10 - MENCIÓN DE TÍTULO | |
| Título | Taller 0 ; |
| Resto del título | el currículo de lengua española del primer ciclo del nivel primario / |
| Mención de responsabilidad, etc. | Maria Isabel Inchaustegui. |
| 260 ## - PUBLICACIÓN, DISTRIBUCIÓN, ETC. | |
| Lugar de publicación, distribución, etc. | Santo Domingo : |
| Nombre del editor, distribuidor, etc. | MINERD, |
| Fecha de publicación, distribución, etc. | 2015. |
| 300 ## - DESCRIPCIÓN FÍSICA | |
| Extensión | 31 p. : |
| Otras características físicas | il. ; |
| Dimensiones | 28cm. |
| 490 1# - MENCIÓN DE SERIE | |
| Mención de serie | Desarrollo profesional docente. Enseñanza de la lengua española. |
| 500 ## - NOTA GENERAL | |
| Nota general | Política de apoyo a los aprendizajes de los primeros grados del nivel primario en lectura, escritura y matemática. |
| 500 ## - NOTA GENERAL | |
| Nota general | Regional educativa 05 San Pedro de Macorís, 12 Higuey y 17 Monte Plata |
| 500 ## - NOTA GENERAL | |
| Nota general | A la cabeza del titulo: Desarrollo Profesional Docente. Capacitación de Docentes para la Enseñanza de la Lectura y la Escritura. |
| 590 ## - NOTA LOCAL (RLIN) | |
| Nota local | Inventariado, 2018/MFF |
| 710 1# - PUNTO DE ACCESO ADICIONAL--NOMBRE DE ENTIDAD CORPORATIVA | |
| Nombre de entidad corporativa o nombre de jurisdicción como elemento de entrada | República Dominicana. |
| Unidad subordinada | Ministerio de Educación. |
| 9 (RLIN) | 43100 |
| 830 #0 - PUNTO DE ACCESO ADICIONAL DE SERIE-TÍTULO UNIFORME | |
| Título uniforme | Desarrollo profesional docente. Enseñanza de la lengua española. |
| 9 (RLIN) | 74657 |
| Estado de retiro | Estado de pérdida | No para préstamo | Código de colección | Localización permanente | Ubicación/localización actual | Ubicación en estantería | Fecha de adquisición | Número de inventario | Total de préstamos | Signatura topográfica completa | Código de barras | Fecha visto por última vez | Precio válido a partir de | Tipo de ítem Koha |
|---|---|---|---|---|---|---|---|---|---|---|---|---|---|---|
| Excluido de préstamo | Patrimonio Dominicano | General | General | Depósito | 19.03.2018 | LF1 | xxx I37g, 6to. | 46703-30 | 25.06.2020 | 25.06.2020 | Libro y Folleto Colección Patrimonio Dominicano | |||
| Excluido de préstamo | Patrimonio Dominicano | Patrimonio Dominicano | Patrimonio Dominicano | Depósito | 19.03.2018 | LF1 | xxx I37g, 6to. | 46703-10 | 25.06.2020 | 25.06.2020 | Libro y Folleto Colección Patrimonio Dominicano | |||
| Excluido de préstamo | Patrimonio Dominicano | Patrimonio Dominicano | Patrimonio Dominicano | Depósito | 19.03.2018 | LF1 | xxx I37g, 6to. | 46703-20 | 25.06.2020 | 25.06.2020 | Libro y Folleto Colección Patrimonio Dominicano |
